000 01905nam a2200505I 4500
001 sjds1108050
003 sjds
005 20180403110312.0
008 091113s2010 maua j 000 0 eng d
020 _a9780547368993
020 _a0547368992
020 _a9780547369006 (pbk.)
035 _a427247
035 _a(OCoLC)645780390
035 _a708366
035 _a427247
040 _aKCK
_cKCK
_dIFA
_dUtOrBLW
041 _aspa
_heng
049 _aIFAA
099 _f2010
999 _c19420
_d19420
999 _bESPANOL EASY READERS PARKS 2010
100 1 _aParks, Carmen,
_eauthor.
245 1 0 _aDía de mercado =
_bFarmers market /
_c[by] Carmen Parks ; illustrated by Edward Martinez ; translated by F. Isabel Campoy and Alma Flor Ada = [por] Carmen Park ; illustrado por Edward Martinez ; traducido por F. Isabel Campoy y Alma Flor Ada.
246 3 1 _aFarmers market
246 3 1 _a[por] Carmen Park
260 _aBoston :
_bSandpiper Houghton Mifflin Harcourt,
_c2010.
264 1 _aBoston :
_bSandpiper Houghton Mifflin Harcourt,
_c2010.
300 _a1 volume (unpaged) :
_bcolor illustrations ;
_c23 cm.
336 _atext
_btxt
_2rdacontent
337 _aunmediated
_bn
_2rdamedia
338 _avolume
_bnc
_2rdacarrier
490 1 _aGreen light readers. Level 2
520 _aA girl and her parents spend the day at the farmers market selling the vegetables they have grown.
521 8 _a380
_bLexile
526 0 _aAccelerated Reader
_bLG
_c1.5
_d0.5
_z58129
650 0 _aFarmers' markets
_vJuvenile fiction.
650 0 _aSpanish language materials
_xBilingual
_vJuvenile literature.
650 7 _aMercados del granjero
_vNovela juvenil.
_2local
650 7 _aMateriales bilingües en español
_vLiteratura juvenil.
_2bidex
700 1 _aMartinez, Ed,
_eillustrator.
700 1 _aCampoy, F. Isabel.
700 1 _aAda, Alma Flor.
830 0 _aGreen Light reader.
_nLevel 2.
942 _cBK